000 00537nam a2200217Ia 4500
003 OSt
005 20220928135642.0
006 a|||||r|||| 00| 0
007 ta
008 220927b |||||||| |||| 00| 0 eng d
024 _a4367
037 _cTextual
040 _aSDCL
_cSDCL
_beng
041 _2eng
_aeng
082 _aO-1N272,2, K8
100 _aWright James
_9492473
245 0 _aShall we gather at the river
260 _c1968
942 _hO-1N272,2, K8
_cTEXL
_2CC
999 _c808064
_d808064